हरिवंशराय बच्चन;जीवन और सृजन के सोपान / (Record no. 198077)

MARC details
000 -LEADER
fixed length control field 00797nam a22001817a 4500
005 - DATE AND TIME OF LATEST TRANSACTION
control field 20240405153111.0
010 ## - LCCN (DPL NO)
LC control number HIN-125954
020 ## - INTERNATIONAL STANDARD BOOK NUMBER
International Standard Book Number 9789354092664
Terms of availability 185.00
035 ## - SYSTEM CONTROL NUMBER
System control number HN-98300
037 ## - SOURCE OF ACQUISITION
Source of stock number/acquisition DBAD/PUB
082 ## - DEWEY DECIMAL CLASSIFICATION NUMBER
Classification number 820.08
100 ## - MAIN ENTRY--PERSONAL NAME
Personal name राज शेखर
245 ## - TITLE STATEMENT
Title हरिवंशराय बच्चन;जीवन और सृजन के सोपान /
Statement of responsibility, etc राज शेखर
260 ## - PUBLICATION, DISTRIBUTION, ETC. (IMPRINT)
Place of publication, distribution, etc नई दिल्ली
Name of publisher, distributor, etc प्रकाशन विभाग
Date of publication, distribution, etc 2021
270 ## - ADDRESS
Address सूचना भवन सी जी ओ काम्प्लेक्स लोधी रोड
City नई दिल्ली
Postal code 110003
300 ## - PHYSICAL DESCRIPTION
Extent 171 पृ.;
Dimensions 22 सेमी (अजिल्द)
942 ## - ADDED ENTRY ELEMENTS (KOHA)
Item type Hindi Books
Source of classification or shelving scheme Dewey Decimal Classification
Classification part 820.08
Call number suffix राजशे
Holdings
Withdrawn status Lost status Not for loan Collection code Home library Current library Date acquired Source of acquisition Cost, normal purchase price Full call number Barcode Copy number Cost, replacement price Koha item type
      Non-fiction Bawana Bawana 13/09/2023 DBAD/PUB 185.00 820.08 राजशे HN-98300 1 185.00 Hindi Books

© Delhi Public Library
Hit Counter
free hit counter